Nanotechnology Revolution (Record no. 330478)
[ view plain ]
| 000 -LEADER | |
|---|---|
| fixed length control field | 00471 a2200145 4500 |
| 001 - CONTROL NUMBER | |
| control field | 64090 |
| 003 - CONTROL NUMBER IDENTIFIER | |
| control field | NUST |
| 005 - DATE AND TIME OF LATEST TRANSACTION | |
| control field | 20170717163610.0 |
| 008 - FIXED-LENGTH DATA ELEMENTS--GENERAL INFORMATION | |
| fixed length control field | 170717b xxu||||| |||| 00| 0 eng d |
| 020 ## - INTERNATIONAL STANDARD BOOK NUMBER | |
| International Standard Book Number | 8182741289 |
| 040 ## - CATALOGING SOURCE | |
| Transcribing agency | 0 |
| 082 ## - DEWEY DECIMAL CLASSIFICATION NUMBER | |
| Classification number | 620.5 DIW |
| 100 ## - MAIN ENTRY--PERSONAL NAME | |
| Personal name | Diwan.Parag,Dr |
| 9 (RLIN) | 3332 |
| 245 ## - TITLE STATEMENT | |
| Title | Nanotechnology Revolution |
| Statement of responsibility, etc. | Dr.Parag Diwan |
| 260 ## - PUBLICATION, DISTRIBUTION, ETC. | |
| Place of publication, distribution, etc. | New Delhi |
| Name of publisher, distributor, etc. | Pentagon Press |
| Date of publication, distribution, etc. | 2006 |
| 300 ## - PHYSICAL DESCRIPTION | |
| Extent | xvii, 317p. |
| 500 ## - GENERAL NOTE | |
| General note | H.B |
| 942 ## - ADDED ENTRY ELEMENTS (KOHA) | |
| Call number prefix | 620.5 DIW |
| Source of classification or shelving scheme | |
| Koha item type | Book |
| Call number suffix | IESE |
| Withdrawn status | Lost status | Source of classification or shelving scheme | Damaged status | Not for loan | Collection code | Permanent Location | Current Location | Shelving location | Date acquired | Total Checkouts | Full call number | Barcode | Date last seen | Price effective from | Koha item type |
|---|---|---|---|---|---|---|---|---|---|---|---|---|---|---|---|
| Institute of Environmental Science and Engineering (IESE) | Institute of Environmental Science and Engineering (IESE) | General Stacks | 07/17/2017 | 620.5 DIW | IESE-2947 | 07/17/2017 | 07/17/2017 | Book |
